| 000 | 00618cam a22002171 4500 | ||
|---|---|---|---|
| 001 | sa 67002364 | ||
| 003 | DLC | ||
| 005 | 20260227112330.0 | ||
| 008 | 870304s1964 ii a 000 0 hin | ||
| 010 | _asa 67002364 | ||
| 035 | _a(OCoLC)15269729 | ||
| 040 |
_aDLC _cNRU _dNRU _dDLC |
||
| 042 | _apremarc | ||
| 050 | 0 | 0 |
_aDS421 _b.M23 |
| 100 | 1 |
_aMachwe, Prabhakar Balvant, _d1917- |
|
| 245 | 1 | 0 |
_aGorī najaroṃ meṃ hama. _c[Lekhaka] Prabhākara Macve. |
| 260 |
_a[Dilli, _bRāmlocana Prakaśana, _c1964] |
||
| 300 |
_a136 p. _billus. _c18 cm. |
||
| 500 | _aIn Hindi. | ||
| 651 | 0 |
_aIndia _xSocial life and customs. |
|
| 999 |
_c73223 _d73223 |
||